| 000 | 00000nam##2200000za#4500 |
| 001 | 9.571444 |
| 003 | CaOODSP |
| 005 | 20240527135426 |
| 007 | cr ||||||||||| |
| 008 | 150406|2000||||xxc|||||o f|0| 0 eng|d |
| 040 | |aCaOODSP|beng |
| 043 | |an-cn--- |
| 086 | 1 |aCW69-1/103E-PDF |
| 110 | 2 |aCanadian Wildlife Service. |
| 245 | 10|aTowards conservation of the diversity of Canada Geese (Branta canadensis) / |h[electronic resource]|cKathryn M. Dickson, editor. |
| 260 | |aOttawa - Ontario : |bEnvironment Canada. |cc2000. |
| 300 | |a170p.|bfigs. (some coloured), graphs, maps (some coloured), references, tables, photographs |
| 490 | 1 |aOccasional paper - Canadian Wildlife Service|vNo. 103 |
| 500 | |aThe catalogue number (CW69-1/103E), ISBN (0-662-29699-0) and ISSN (0576-6370) for the print edition have been incorrectly copied in this electronic publication. |
| 590 | |a12-04-Supp|b2012-02-20 |
| 690 | 07|aEnvironmental conservation|2gcpds |
| 690 | 07|aMigratory birds|2gcpds |
| 776 | 0#|tTowards conservation of the diversity of Canada geese (Branta canadensis) / |w(CaOODSP)9.615422 |
| 830 | #0|aOccasional paper (Canadian Wildlife Service)|vNo. 103|w(CaOODSP)9.504780 |
| 856 | 40|ahttp://publications.gc.ca|qPDF|s18 MB|uhttps://publications.gc.ca/collections/Collection/CW69-1-103E.pdf|yNo. 103 |